00637 a2200193 4500003000400000005001700004008004100021020001800062040000900080082002000089100002300109245004700132250001200179260004400191300001000235942004600245952013500291999001700426OSt20240208101636.0240208b |||||||| |||| 00| 0 eng d a9789381788806 coclc a894.8125bGOP/M aGopal, O. V910421 aMAHANMARUDE KUMBHASARANGAL /c O. V Gopal a1st ed. aKozhikode:bPappiyon Pablishers,c2013. a194P. 2ddccBKh894.8125iGOP/Mk894.8125mGOP/M 00102ddc40708SPEECHESaMESbMEScMALd2024-02-08l0o894.8125 GOP/Mp45225r2024-02-08 10:17:34v135.00w2024-02-08yBKzGR1R5 c44376d44376